[Event "CZE-ch Juniors op-B"]
[Site "Sec u Chrudimi"]
[Date "2007.03.17"]
[Round "9"]
[White "Fusek, Lukas"]
[Black "Machalik, Marek"]
[Result "1-0"]
[WhiteElo "1465"]
[BlackElo "1533"]
[PlyCount "109"]
[EventDate "2007.03.10"]
[EventType "swiss"]
[EventRounds "9"]
[EventCountry "CZE"]
[SourceTitle "EXT 2008"]
[Source "ChessBase"]
[SourceDate "2007.11.25"]
[SourceVersion "1"]
[SourceVersionDate "2007.11.25"]
[SourceQuality "1"]

1. e4 d5 2. exd5 Nf6 3. Nf3 Nxd5 4. d4 Nc6 5. Bb5 Bg4 6. c4 Nb6 7. d5 a6 8. dxc6 Qxd1+ 9. Kxd1 Bxf3+ 10. gxf3 Rd8+ 11. Ke2 axb5 12. Bf4 bxc6 13. Bxc7 Nxc4 14. Bxd8 Kxd8 15. b3 Nb6 16. Rd1+ Kc7 17. Nc3 e6 18. Rac1 b4 19. Nb5+ Kb7 20. Nd4 c5 21. Nc2 Nd5 22. Kf1 Be7 23. Ne1 Rd8 24. Nd3 Kb6 25. Ne5 f6 26. Nc4+ Kc6 27. Ne3 Nc3 28. Rxd8 Bxd8 29. Rc2 Bc7 30. h3 Be5 31. Nc4 Bd4 32. Ne3 Be5 33. Kg2 Bd4 34. f4 Kd6 35. Kf3 Ke7 36. Rd2 Kd6 37. Nc2 Kd5 38. Ne3+ Kd6 39. Nd1 Nxd1 40. Rxd1 e5 41. Rg1 Ke6 42. Rxg7 e4+ 43. Ke2 Kf5 44. Rxh7 Kxf4 45. h4 Kg4 46. Re7 Kxh4 47. Rxe4+ Kg5 48. f3 f5 49. Re8 f4 50. Kd3 Kf5 51. Kc4 Kg5 52. Kd5 Kh4 53. Rg8 Be3 54. Ke4 Kh3 55. Rg4 1-0

[Event "CZE-ch Juniors op-B"]
[Site "Sec u Chrudimi"]
[Date "2007.03.15"]
[Round "7"]
[White "Machalik, Marek"]
[Black "Palasek, Jan"]
[Result "1/2-1/2"]
[WhiteElo "1533"]
[BlackElo "1403"]
[PlyCount "34"]
[EventDate "2007.03.10"]
[EventType "swiss"]
[EventRounds "9"]
[EventCountry "CZE"]
[SourceTitle "EXT 2008"]
[Source "ChessBase"]
[SourceDate "2007.11.25"]
[SourceVersion "1"]
[SourceVersionDate "2007.11.25"]
[SourceQuality "1"]

1. e4 c5 2. Nc3 Nc6 3. f4 d6 4. Nf3 g6 5. d3 Bg7 6. g3 e6 7. Bg2 Nge7 8. 0-0 0-0 9. Be3 Bd7 10. Qe1 Rc8 11. g4 b6 12. Qg3 d5 13. Bd2 dxe4 14. dxe4 f5 15. gxf5 exf5 16. e5 Be6 17. Qg5 Nd4 1/2-1/2